000 006670000a22001810004500
700 1 _aRos Tonen, Mirjam A.F.
_998585
090 _aAR
_b04542
100 1 _aBerman Arévalo, Eloísa
_998586
245 1 0 _aDiscourses, power negotiations and indigenous political organization in forest partnerships
_sthe case of Selva de Matavén, Colombia
650 1 4 _aAscociaciones agroforestales
_998587
650 1 4 _aComunidades indígenas
_992521
650 1 4 _aOrdenamiento territorial
_992437
650 1 4 _aParticipación indígena
_983838
651 4 _pColombia
_lSelva de Matavén
_992749
041 0 _aInglés
942 _cARTICULO
773 1 _tHuman ecology
_mJuly
_q16 h.
_d2009
999 _c13642
_d13642